| 000 | 00459nam a22001697a 4500 | ||
|---|---|---|---|
| 003 | MACL | ||
| 005 | 20160730153025.0 | ||
| 008 | 160730b xxu||||| |||| 00| 0 eng d | ||
| 040 | _cMACL | ||
| 041 | _aEnglish | ||
| 082 | _a300 MAT | ||
| 100 |
_aMathew, George _91909 |
||
| 245 |
_aTwo Decades Of New Panchayati Raj In Karnataka _cGeorge Mathew |
||
| 260 |
_aNew Delhi _bConcept Publishing _c2011 |
||
| 650 |
_aSocial Science _965848 |
||
| 942 |
_2ddc _cBK |
||
| 999 |
_c55376 _d55376 |
||